000 00405nam a22001697a 4500
003 OSt
005 20260413094900.0
007 355 pages
008 260413b |||||||| |||| 00| 0 eng d
020 _a9781788299671
040 _c
082 _22
_a004.678
_bCOL
245 _aMastering Selenium Web driver 3.0
_cCollin,Mark
250 _a2
260 _bPACKT
_c2018
942 _2ddc
_cRB
_k004.678
_mCOL
_n0
999 _c36339
_d36339